| 000 | 00412cam a2200145ua 4500 | ||
|---|---|---|---|
| 041 |
_aeng _h |
||
| 082 |
_a823.301 _bELW/WH |
||
| 100 | _aElwin, Verrier . | ||
| 245 |
_aWhen the world was young:Tales from Indias hills and forests / _cVerrier Elvin. _hTextual Documents |
||
| 260 |
_aIndia : _bMinistry of I&B, Govt. of India , _c1961. |
||
| 300 | _a82 ; . | ||
| 504 | _a | ||
| 942 | _cBK | ||
| 999 |
_c12856 _d12856 |
||